[Event "Rhein Main op-A 22nd"]
[Site "Bad Homburg"]
[Date "2019.06.23"]
[Round "7"]
[White "Henrich, Thomas"]
[Black "Muehlpfordt, Thomas"]
[Result "1-0"]
[WhiteElo "2142"]
[BlackElo "1985"]
[PlyCount "79"]
[EventDate "2019.06.19"]
[EventType "swiss"]
[EventRounds "9"]
[EventCountry "GER"]
[SourceTitle "EXT 2020"]
[Source "ChessBase"]
[SourceDate "2019.10.17"]
[SourceVersion "1"]
[SourceVersionDate "2019.10.17"]
[SourceQuality "1"]

1. e4 e5 2. Bc4 Nc6 3. Nc3 Nf6 4. d3 Na5 5. Nf3 Nxc4 6. dxc4 d6 7. h3 c5 8. Qd3 Be7 9. Be3 Bd7 10. a3 0-0 11. 0-0 Ne8 12. Rfd1 Be6 13. Qe2 Qc8 14. Nd5 Bxd5 15. cxd5 f5 16. Qc4 f4 17. Bd2 Kh8 18. Qe2 g5 19. Nh2 Nf6 20. Ng4 Qe8 21. a4 a5 22. Ra3 Qg6 23. Nxf6 Rxf6 24. Rb3 Raf8 25. f3 Bd8 26. Rxb7 h5 27. Kf2 g4 28. hxg4 hxg4 29. Rh1+ Kg8 30. Ke1 R6f7 31. Rxf7 Rxf7 32. Kd1 Rh7 33. Qf1 g3 34. Rg1 Rb7 35. Qa6 Rxb2 36. Qc8 Rb1+ 37. Bc1 Qf6 38. Rh1 Kg7 39. Rh5 Qe7 40. Qg4+ 1-0

[Event "GER-chT U20"]
[Site "Osnabrueck"]
[Date "2018.12.30"]
[Round "7.2"]
[White "Muehlpfordt, Thomas"]
[Black "Von Bargen, Lukas"]
[Result "1/2-1/2"]
[WhiteElo "1927"]
[BlackElo "1974"]
[PlyCount "111"]
[EventDate "2018.12.27"]
[EventType "team-swiss"]
[EventRounds "7"]
[EventCountry "GER"]
[SourceTitle "EXT 2020"]
[Source "ChessBase"]
[SourceDate "2019.10.17"]
[SourceVersion "1"]
[SourceVersionDate "2019.10.17"]
[SourceQuality "1"]
[WhiteTeam "Lambsheim"]
[BlackTeam "Halver Schalksmuehle"]
[WhiteTeamCountry "GER"]
[BlackTeamCountry "GER"]

1. e4 c5 2. Nf3 e6 3. d4 cxd4 4. Nxd4 a6 5. Be3 Nf6 6. Bd3 Qc7 7. f4 d6 8. 0-0 Be7 9. Nc3 Nbd7 10. Qf3 0-0 11. Rae1 b5 12. a3 Bb7 13. Qg3 Nc5 14. e5 Nfe4 15. Nxe4 Bxe4 16. Bxe4 Nxe4 17. Qf3 d5 18. Qg4 Bc5 19. c3 Rab8 20. Kh1 Bxd4 21. cxd4 g6 22. f5 exf5 23. Qh4 Rbc8 24. Bh6 Qd8 25. Rxe4 dxe4 26. Bg5 Qxd4 27. Bf6 Rc6 28. h3 Rfc8 29. e6 Qd3 30. Qh6 Qxf1+ 31. Kh2 Qf4+ 32. Qxf4 Rxe6 33. Bc3 f6 34. Qe3 g5 35. g3 Rce8 36. h4 h6 37. hxg5 hxg5 38. Qe2 Kg7 39. Qe3 Kg6 40. Kg2 R8e7 41. Bb4 Re8 42. Kg1 Rd8 43. Qb3 Rc6 44. Ba5 Rdc8 45. Bd2 Rc4 46. Qe3 Rd8 47. Bc3 Rd3 48. Qb6 Rxg3+ 49. Kf2 Rf3+ 50. Kg2 Rfxc3 51. bxc3 Rxc3 52. Qd8 Rb3 53. Qe8+ Kg7 54. Qe7+ Kg6 55. Qe8+ Kg7 56. Qe7+ 1/2-1/2

[Event "GER-chT U20"]
[Site "Osnabrueck"]
[Date "2018.12.28"]
[Round "3.2"]
[White "Goldbeck, Lars"]
[Black "Muehlpfordt, Thomas"]
[Result "1-0"]
[WhiteElo "2172"]
[BlackElo "1927"]
[PlyCount "115"]
[EventDate "2018.12.27"]
[EventType "team-swiss"]
[EventRounds "7"]
[EventCountry "GER"]
[SourceTitle "CBM 188 Extra"]
[Source "ChessBase"]
[SourceDate "2019.02.26"]
[SourceVersion "1"]
[SourceVersionDate "2019.02.26"]
[SourceQuality "1"]
[WhiteTeam "Regensburg Bavaria"]
[BlackTeam "Lambsheim"]
[WhiteTeamCountry "GER"]
[BlackTeamCountry "GER"]

1. d4 d5 2. c4 c6 3. cxd5 cxd5 4. Bg5 Nc6 5. Nc3 h6 6. Bh4 g5 7. Bg3 Bg7 8. e3 Bf5 9. Qb3 Nf6 10. Qxb7 Na5 11. Bb5+ Kf8 12. Qc7 Nc4 13. Bxc4 dxc4 14. Qxc4 Rc8 15. Qb3 Qa5 16. Nge2 Ne4 17. f3 Nxc3 18. Nxc3 Bd3 19. Kf2 f5 20. Rhd1 Bc4 21. Qc2 f4 22. exf4 Rd8 23. Kg1 Bxd4+ 24. Bf2 Bxf2+ 25. Qxf2 Rxd1+ 26. Rxd1 gxf4 27. Qd4 Qb6 28. Qxb6 axb6 29. Rd4 Be6 30. Rxf4+ Kg7 31. Rb4 Rb8 32. a4 Bd7 33. a5 b5 34. Rd4 Be8 35. b4 Rc8 36. Nd5 Kf7 37. Re4 e6 38. Rf4+ Kg7 39. Nb6 Rc2 40. Rd4 Kf6 41. Rd8 Ke7 42. Rb8 Bc6 43. Nc8+ Kd7 44. Na7 Rb2 45. Nxc6 Kxc6 46. Rb6+ Kd5 47. Rxb5+ Kc4 48. Rb6 Kd3 49. a6 e5 50. b5 Ke3 51. h4 Rb1+ 52. Kh2 Kf2 53. a7 Rg1 54. Rg6 Ra1 55. b6 h5 56. b7 Ra4 57. g3 Kxf3 58. a8Q 1-0

[Event "GER-chT U16"]
[Site "Walldorf"]
[Date "2017.12.29"]
[Round "6.1"]
[White "Jakob, Georg"]
[Black "Muehlpfordt, Thomas"]
[Result "1/2-1/2"]
[WhiteElo "1929"]
[BlackElo "1881"]
[PlyCount "81"]
[EventDate "2017.12.26"]
[EventType "team-swiss"]
[EventRounds "7"]
[EventCountry "GER"]
[SourceTitle "CBM 182 Extra"]
[Source "ChessBase"]
[SourceDate "2018.02.23"]
[SourceVersion "1"]
[SourceVersionDate "2018.02.23"]
[SourceQuality "1"]
[WhiteTeam "Hohentuebingen"]
[BlackTeam "Lambsheim"]
[WhiteTeamCountry "GER"]
[BlackTeamCountry "GER"]

1. e4 e5 2. Nf3 Nc6 3. Bb5 a6 4. Ba4 Nf6 5. d3 b5 6. Bb3 Bc5 7. c3 0-0 8. 0-0 d6 9. Re1 h6 10. h3 Bb6 11. Nbd2 Na5 12. Bc2 c5 13. Nf1 Be6 14. Ng3 Nc6 15. a4 b4 16. Nh4 Ne7 17. Qf3 Nh7 18. Nhf5 Nxf5 19. exf5 Bd7 20. Bb3 Nf6 21. Ne4 Nxe4 22. dxe4 bxc3 23. bxc3 Ba5 24. g4 c4 25. Bc2 g5 26. h4 f6 27. Ba3 Rf7 28. Rad1 Be8 29. Rxd6 Rd7 30. Red1 Raa7 31. Qe2 Bf7 32. hxg5 hxg5 33. Qe3 Rxd6 34. Rxd6 Rd7 35. Rxd7 Qxd7 36. Kg2 Qc7 37. Bb4 Bb6 38. Qd2 Qd8 39. Qe2 Kg7 40. Qe1 a5 41. Ba3 1/2-1/2

[Event "Rhein Main op-A 20th"]
[Site "Bad Homburg"]
[Date "2017.06.17"]
[Round "5"]
[White "Muehlpfordt, Thomas"]
[Black "Weber, Rolf"]
[Result "1-0"]
[WhiteElo "1813"]
[BlackElo "1964"]
[PlyCount "67"]
[EventDate "2017.06.14"]
[EventType "swiss"]
[EventRounds "7"]
[EventCountry "GER"]
[SourceTitle "EXT 2018"]
[Source "ChessBase"]
[SourceDate "2017.10.13"]
[SourceVersion "1"]
[SourceVersionDate "2017.10.13"]
[SourceQuality "1"]

1. e4 e6 2. b3 d5 3. Bb2 Nf6 4. e5 Nfd7 5. Qg4 c5 6. f4 Nc6 7. Nf3 f5 8. Qg3 b6 9. Na3 a6 10. c3 Bb7 11. Nc2 Qe7 12. Be2 0-0-0 13. d4 Rg8 14. h4 Kb8 15. 0-0 g6 16. c4 Nxd4 17. Ncxd4 cxd4 18. Nxd4 Nc5 19. Ba3 dxc4 20. Rfd1 Qc7 21. Qe3 cxb3 22. axb3 g5 23. hxg5 h6 24. b4 hxg5 25. bxc5 gxf4 26. cxb6 Rxg2+ 27. Kf1 Qc8 28. Qxf4 Bh6 29. Nc6+ Bxc6 30. Rxd8 Bxf4 31. Bd6+ Kb7 32. Bxa6+ Kxb6 33. Rxc8 Bd5 34. Bc5# 1-0

[Event "GER-ch U14"]
[Site "Willingen"]
[Date "2017.06.04"]
[Round "2"]
[White "Biermann, Lenhard"]
[Black "Muehlpfordt, Thomas"]
[Result "0-1"]
[WhiteElo "1936"]
[BlackElo "1844"]
[PlyCount "72"]
[EventDate "2017.06.04"]
[EventType "swiss"]
[EventRounds "9"]
[EventCountry "GER"]
[SourceTitle "CBM 178 Extra"]
[Source "ChessBase"]
[SourceDate "2017.06.22"]
[SourceVersion "1"]
[SourceVersionDate "2017.06.22"]
[SourceQuality "1"]

1. d4 d5 2. c4 c6 3. Nf3 Nf6 4. Nc3 e6 5. Bg5 h6 6. Bh4 dxc4 7. e4 g5 8. Bg3 b5 9. a3 Bb7 10. Be2 Nbd7 11. Qc2 a6 12. Rd1 Qb6 13. Ne5 Bg7 14. h4 Nxe5 15. dxe5 Nd7 16. hxg5 hxg5 17. Rxh8+ Bxh8 18. Qd2 Qd8 19. f4 Qe7 20. fxg5 0-0-0 21. Qe3 Bxe5 22. Kf1 Bxg3 23. Qxg3 Rg8 24. Bf3 Rxg5 25. Qh4 f6 26. Ne2 Ne5 27. Qh8+ Kc7 28. Nf4 Kb6 29. Qh3 Nxf3 30. Qxf3 e5 31. Ne2 Bc8 32. Nc3 Bg4 33. Qe3+ Qc5 34. Qd2 Rg8 35. Re1 Rh8 36. Re3 Qd4 0-1

[Event "Rhein Main op-B 19th"]
[Site "Bad Homburg"]
[Date "2016.05.29"]
[Round "7"]
[White "Metzing, Joachim"]
[Black "Muehlpfordt, Thomas"]
[Result "1-0"]
[WhiteElo "1920"]
[BlackElo "1707"]
[PlyCount "55"]
[EventDate "2016.05.25"]
[EventType "swiss"]
[EventRounds "7"]
[EventCountry "GER"]
[SourceTitle "EXT 2017"]
[Source "ChessBase"]
[SourceDate "2016.10.25"]
[SourceVersion "1"]
[SourceVersionDate "2016.10.25"]
[SourceQuality "1"]

1. c4 e5 2. Nc3 Nf6 3. g3 d5 4. cxd5 Nxd5 5. Bg2 Nb6 6. Nf3 Nc6 7. 0-0 Be7 8. d3 0-0 9. Be3 Be6 10. a3 f6 11. Na4 Nd5 12. Bc5 Rb8 13. Rc1 b6 14. Bxe7 Ncxe7 15. e4 c5 16. exd5 Nxd5 17. Nc3 Qd7 18. Qe2 Ne7 19. Rfd1 Rbe8 20. b4 cxb4 21. axb4 Nc6 22. Qb2 Bh3 23. Bxh3 Qxh3 24. Nd5 Qe6 25. Nc7 Qg4 26. Nxe8 Qxf3 27. Nd6 Nd4 28. Qa2+ 1-0

[Event "Rhein Main op-B 18th"]
[Site "Bad Homburg"]
[Date "2015.06.04"]
[Round "3"]
[White "Muehlpfordt, Thomas"]
[Black "Fuchs, Benno"]
[Result "0-1"]
[WhiteElo "1683"]
[BlackElo "1831"]
[PlyCount "54"]
[EventDate "2015.06.03"]
[EventType "swiss"]
[EventRounds "7"]
[EventCountry "GER"]
[SourceTitle "CBM 167 Extra"]
[Source "ChessBase"]
[SourceDate "2015.09.14"]
[SourceVersion "1"]
[SourceVersionDate "2015.09.14"]
[SourceQuality "1"]

1. e4 d6 2. d4 Nf6 3. f3 c6 4. Be3 g6 5. Qd2 Bg7 6. Nc3 b5 7. Bd3 Na6 8. a3 0-0 9. h4 h5 10. Nh3 Nc7 11. Bh6 e5 12. dxe5 dxe5 13. 0-0-0 Qe7 14. Bxg7 Kxg7 15. Rdg1 Rb8 16. Nd1 Na6 17. b4 c5 18. c3 cxb4 19. axb4 Nc7 20. Be2 a5 21. g4 axb4 22. cxb4 Rd8 23. Qc3 Na6 24. gxh5 Bxh3 25. Qe3 Rbc8+ 26. Kb1 Qxb4+ 27. Nb2 Rd2 0-1

[Event "Hofheim Spring op-B 3rd"]
[Site "Hofheim"]
[Date "2015.04.08"]
[Round "2"]
[White "Muehlpfordt, Thomas"]
[Black "Bogucanin, Mirsad"]
[Result "0-1"]
[WhiteElo "1469"]
[BlackElo "1865"]
[PlyCount "90"]
[EventDate "2015.04.07"]
[EventType "swiss"]
[EventRounds "9"]
[EventCountry "GER"]
[SourceTitle "CBM 166 Extra"]
[Source "ChessBase"]
[SourceDate "2015.06.18"]
[SourceVersion "1"]
[SourceVersionDate "2015.06.18"]
[SourceQuality "1"]

1. e4 c6 2. d4 d5 3. exd5 cxd5 4. Bd3 Nc6 5. c3 Nf6 6. Bf4 e6 7. Nd2 Bd6 8. Bxd6 Qxd6 9. Ngf3 0-0 10. Qe2 Re8 11. Ne5 Qe7 12. Ndf3 Nd7 13. 0-0 f6 14. Nxc6 bxc6 15. Qc2 Nf8 16. Rae1 a5 17. Qe2 Qd6 18. c4 e5 19. dxe5 fxe5 20. Nxe5 Ba6 21. b3 Re6 22. f4 Rae8 23. Qc2 Qc5+ 24. Kh1 dxc4 25. bxc4 Rd8 26. Rf3 Bc8 27. Rfe3 Red6 28. Rg3 Rf6 29. Rf1 Be6 30. Rg5 Qd4 31. Qd2 Bf5 32. Rg3 Qc5 33. Qe2 Re8 34. Bxf5 Rxf5 35. Qg4 Qxe5 36. h3 Qf6 37. Rd3 Re4 38. g3 Rxc4 39. Rfd1 Rfc5 40. Rd6 Qf7 41. Rd7 Nxd7 42. Rxd7 Rc1+ 43. Kg2 Qxa2+ 44. Kf3 Qb3+ 45. Ke2 R5c2+ 0-1

[Event "GER-chT U14"]
[Site "Regensburg"]
[Date "2014.12.29"]
[Round "5.2"]
[White "Tschammer, Kai"]
[Black "Muehlpfordt, Thomas"]
[Result "1/2-1/2"]
[WhiteElo "1581"]
[BlackElo "1504"]
[PlyCount "53"]
[EventDate "2014.12.27"]
[EventType "team-swiss"]
[EventRounds "7"]
[EventCountry "GER"]
[SourceTitle "EXT 2016"]
[Source "ChessBase"]
[SourceDate "2015.10.08"]
[SourceVersion "1"]
[SourceVersionDate "2015.10.08"]
[SourceQuality "1"]
[WhiteTeam "Erlangen"]
[BlackTeam "Lambsheim"]
[WhiteTeamCountry "GER"]
[BlackTeamCountry "GER"]

1. e4 e5 2. Nf3 Nc6 3. Bc4 Nf6 4. d4 Nxe4 5. dxe5 d6 6. Qd5 Be6 7. Qxe4 d5 8. Bxd5 Bxd5 9. Qe2 Be7 10. 0-0 Qc8 11. Nc3 Bxf3 12. Qxf3 Nxe5 13. Qe4 f6 14. f4 Ng6 15. Re1 0-0 16. f5 Ne5 17. Bf4 Bd6 18. Nb5 Qd7 19. Qd5+ Qf7 20. Qxf7+ Rxf7 21. Nxd6 cxd6 22. Rad1 Rc7 23. Re2 Rc6 24. Kf2 Re8 25. Rde1 Rb6 26. b3 Rc6 27. h3 1/2-1/2

[Event "Rhein Main op-B 17th"]
[Site "Bad Homburg"]
[Date "2014.06.19"]
[Round "2"]
[White "Schroeder, Oliver1111"]
[Black "Muehlpfordt, Thomas"]
[Result "1-0"]
[WhiteElo "1778"]
[BlackElo "1379"]
[PlyCount "37"]
[EventDate "2014.06.18"]
[EventType "swiss"]
[EventRounds "9"]
[EventCountry "GER"]
[SourceTitle "CBM 161 Extra"]
[Source "ChessBase"]
[SourceDate "2014.08.29"]
[SourceVersion "1"]
[SourceVersionDate "2014.08.29"]
[SourceQuality "1"]

1. d4 d5 2. Nf3 Nf6 3. Bf4 e6 4. e3 Nbd7 5. Bd3 Bd6 6. Ne5 0-0 7. Nd2 Qe7 8. Qf3 c5 9. c3 c4 10. Bc2 Nb8 11. Qh3 h6 12. g4 g5 13. Qxh6 gxf4 14. g5 Ne4 15. Rg1 Qc7 16. Nxe4 dxe4 17. Bxe4 Rd8 18. Ng4 f5 19. gxf6 1-0

[Event "GER-chT U12"]
[Site "Schney"]
[Date "2013.12.28"]
[Round "4.3"]
[White "Kolb, Tobias"]
[Black "Muehlpfordt, Thomas"]
[Result "0-1"]
[WhiteElo "937"]
[BlackElo "1120"]
[PlyCount "122"]
[EventDate "2013.12.27"]
[EventType "team-swiss"]
[EventRounds "7"]
[EventCountry "GER"]
[SourceTitle "EXT 2015"]
[Source "ChessBase"]
[SourceDate "2014.11.20"]
[SourceVersion "1"]
[SourceVersionDate "2014.11.20"]
[SourceQuality "1"]
[WhiteTeam "Seubelsdorf"]
[BlackTeam "Lambsheim"]
[WhiteTeamCountry "GER"]
[BlackTeamCountry "GER"]

1. e4 e5 2. Nf3 Nc6 3. d4 exd4 4. Nxd4 Bc5 5. Be3 Qf6 6. c3 b6 7. Bc4 Bb7 8. f3 Nge7 9. 0-0 0-0 10. Re1 Nxd4 11. cxd4 Bb4 12. Nc3 Ng6 13. a3 Be7 14. Qa4 c6 15. d5 b5 16. Bxb5 cxb5 17. Qxb5 Rfb8 18. Qxd7 Qd6 19. Qa4 Qa6 20. Qd4 Bf6 21. Qd2 Rd8 22. Qc2 Rac8 23. Qb3 Ba8 24. Rac1 Ne5 25. Nb5 Rb8 26. a4 Qb7 27. Rc7 Qxc7 28. Nxc7 Rxb3 29. Bxa7 Nd3 30. Re3 Rb7 31. Nb5 Rxa7 32. Nxa7 Bd4 33. Kf1 Bxe3 34. Nb5 Nxb2 35. Ke2 Bh6 36. g4 Nxa4 37. h3 g6 38. Nd4 Bg7 39. Nc2 Nc3+ 40. Kd3 Nxd5 41. exd5 Bxd5 42. f4 Bb3+ 43. Ke2 Bxc2 44. f5 gxf5 45. gxf5 Bxf5 46. Kf3 Bxh3 47. Kg3 Be6 48. Kf4 f5 49. Kg5 Kf7 50. Kh5 f4 51. Kh4 f3 52. Kg3 Bd5 53. Kf2 Kf6 54. Kf1 Kf5 55. Kf2 Ra8 56. Kf1 Ra2 57. Kg1 f2+ 58. Kf1 Bc4+ 59. Kg2 f1Q+ 60. Kg3 Rg2+ 61. Kh3 Qh1# 0-1